<?xml version="1.0" encoding="UTF-8"?>
<record
    xmlns:xsi="http://www.w3.org/2001/XMLSchema-instance"
    xsi:schemaLocation="http://www.loc.gov/MARC21/slim http://www.loc.gov/standards/marcxml/schema/MARC21slim.xsd"
    xmlns="http://www.loc.gov/MARC21/slim">

  <leader>01158nam a2200241Ia 4500</leader>
  <controlfield tag="003">Ost</controlfield>
  <controlfield tag="005">20260507075354.0</controlfield>
  <controlfield tag="008">260507s9999||||xx |||||||||||||| ||und||</controlfield>
  <datafield tag="020" ind1=" " ind2=" ">
    <subfield code="a">65454499579</subfield>
  </datafield>
  <datafield tag="040" ind1=" " ind2=" ">
    <subfield code="c">fsecg</subfield>
  </datafield>
  <datafield tag="041" ind1=" " ind2=" ">
    <subfield code="a">ara</subfield>
  </datafield>
  <datafield tag="082" ind1=" " ind2=" ">
    <subfield code="a">330</subfield>
  </datafield>
  <datafield tag="100" ind1=" " ind2=" ">
    <subfield code="a">&#x627;&#x644;&#x632;&#x64A;&#x646;&#x60C; &#x645;&#x646;&#x635;&#x648;&#x631;&#x64A;</subfield>
    <subfield code="e">&#x645;&#x624;&#x644;&#x641;</subfield>
  </datafield>
  <datafield tag="245" ind1=" " ind2="0">
    <subfield code="a">&#x62A;&#x634;&#x62C;&#x64A;&#x639; &#x627;&#x644;&#x625;&#x633;&#x62A;&#x62B;&#x645;&#x627;&#x631; &#x648;&#x623;&#x62B;&#x631;&#x647; &#x639;&#x644;&#x649; &#x627;&#x644;&#x62A;&#x646;&#x645;&#x64A;&#x629; &#x627;&#x644;&#x625;&#x642;&#x62A;&#x635;&#x627;&#x62F;&#x64A;&#x629; /</subfield>
    <subfield code="c"> &#x645;&#x646;&#x635;&#x648;&#x631;&#x64A; &#x627;&#x644;&#x632;&#x64A;&#x646;</subfield>
  </datafield>
  <datafield tag="260" ind1=" " ind2=" ">
    <subfield code="a">&#x639;&#x645;&#x627;&#x646;: </subfield>
    <subfield code="b">&#x62F;&#x627;&#x631; &#x627;&#x644;&#x631;&#x627;&#x64A;&#x629; &#x644;&#x644;&#x646;&#x634;&#x631; &#x648;&#x627;&#x644;&#x62A;&#x648;&#x632;&#x64A;&#x639;, </subfield>
    <subfield code="c">2012</subfield>
  </datafield>
  <datafield tag="300" ind1=" " ind2=" ">
    <subfield code="a">412  &#x635;&#x641;&#x62D;&#x629;&#x61B; </subfield>
    <subfield code="b">&#x625;&#x64A;&#x636;&#x627;&#x62D;&#x627;&#x62A; &#x61B;</subfield>
    <subfield code="c">25 &#x633;&#x645;</subfield>
  </datafield>
  <datafield tag="504" ind1=" " ind2=" ">
    <subfield code="a">&#x627;&#x644;&#x645;&#x631;&#x627;&#x62C;&#x639; &#x635;.401</subfield>
  </datafield>
  <datafield tag="520" ind1=" " ind2=" ">
    <subfield code="a">&#x623;&#x633;&#x627;&#x633;&#x64A;&#x627;&#x62A; &#x627;&#x644;&#x625;&#x633;&#x62A;&#x62B;&#x645;&#x627;&#x631; &#x648;&#x627;&#x644;&#x62A;&#x646;&#x645;&#x64A;&#x629; &#x627;&#x644;&#x625;&#x642;&#x62A;&#x635;&#x627;&#x62F;&#x64A;&#x629;- &#x648;&#x627;&#x642;&#x639; &#x627;&#x644;&#x625;&#x633;&#x62A;&#x62B;&#x645;&#x627;&#x631; &#x641;&#x64A; &#x627;&#x644;&#x62C;&#x632;&#x627;&#x626;&#x631;- &#x627;&#x644;&#x633;&#x64A;&#x627;&#x633;&#x627;&#x62A; &#x648;&#x627;&#x644;&#x625;&#x62C;&#x631;&#x627;&#x621;&#x627;&#x62A; &#x648;&#x627;&#x644;&#x62D;&#x648;&#x627;&#x641;&#x632; &#x627;&#x644;&#x645;&#x634;&#x62C;&#x639;&#x629; &#x644;&#x644;&#x625;&#x633;&#x62A;&#x62B;&#x645;&#x627;&#x631; &#x648;&#x622;&#x641;&#x627;&#x642; &#x62A;&#x637;&#x648;&#x64A;&#x631;&#x647;&#x627; &#x641;&#x64A; &#x627;&#x644;&#x62C;&#x632;&#x627;&#x626;&#x631;- &#x627;&#x646;&#x639;&#x643;&#x627;&#x633;&#x627;&#x62A; &#x62A;&#x634;&#x62C;&#x64A;&#x639; &#x648;&#x62A;&#x631;&#x642;&#x64A;&#x629; &#x627;&#x644;&#x625;&#x633;&#x62A;&#x62B;&#x645;&#x627;&#x631; &#x639;&#x644;&#x649; &#x627;&#x644;&#x646;&#x645;&#x648; &#x648;&#x627;&#x644;&#x62A;&#x646;&#x645;&#x64A;&#x629; &#x627;&#x644;&#x625;&#x642;&#x62A;&#x635;&#x627;&#x62F;&#x64A;&#x629;</subfield>
  </datafield>
  <datafield tag="653" ind1=" " ind2=" ">
    <subfield code="a">&#x627;&#x644;&#x625;&#x633;&#x62A;&#x62B;&#x645;&#x627;&#x631;</subfield>
  </datafield>
  <datafield tag="653" ind1=" " ind2=" ">
    <subfield code="a">&#x627;&#x644;&#x625;&#x633;&#x62A;&#x62B;&#x645;&#x627;&#x631;-&#x627;&#x644;&#x62C;&#x632;&#x627;&#x626;&#x631;</subfield>
  </datafield>
  <datafield tag="653" ind1=" " ind2=" ">
    <subfield code="a">&#x627;&#x644;&#x62A;&#x646;&#x645;&#x64A;&#x629; &#x627;&#x644;&#x625;&#x642;&#x62A;&#x635;&#x627;&#x62F;&#x64A;&#x629;</subfield>
  </datafield>
  <datafield tag="942" ind1=" " ind2=" ">
    <subfield code="c">&#x643;&#x62A;&#x627;&#x628;</subfield>
  </datafield>
  <datafield tag="952" ind1=" " ind2=" ">
    <subfield code="0">0</subfield>
    <subfield code="1">0</subfield>
    <subfield code="2">ddc</subfield>
    <subfield code="4">0</subfield>
    <subfield code="7">-1</subfield>
    <subfield code="a">fsecg</subfield>
    <subfield code="b">fsecg</subfield>
    <subfield code="d">2026-05-07</subfield>
    <subfield code="h">&#x627;&#x644;&#x637;&#x627;&#x628;&#x642; &#x627;&#x644;&#x623;&#x631;&#x636;&#x64A;</subfield>
    <subfield code="i">25172</subfield>
    <subfield code="l">0</subfield>
    <subfield code="o">&#x623;/4236&#x646;1</subfield>
    <subfield code="p">25172</subfield>
    <subfield code="r">2026-05-07 07:53:54</subfield>
    <subfield code="w">2026-05-07</subfield>
    <subfield code="y">&#x643;&#x62A;&#x627;&#x628;</subfield>
  </datafield>
  <datafield tag="952" ind1=" " ind2=" ">
    <subfield code="0">0</subfield>
    <subfield code="1">0</subfield>
    <subfield code="2">ddc</subfield>
    <subfield code="4">0</subfield>
    <subfield code="7">0</subfield>
    <subfield code="a">fsecg</subfield>
    <subfield code="b">fsecg</subfield>
    <subfield code="d">2026-05-07</subfield>
    <subfield code="h">&#x627;&#x644;&#x637;&#x627;&#x628;&#x642; &#x627;&#x644;&#x623;&#x631;&#x636;&#x64A;</subfield>
    <subfield code="i">25173</subfield>
    <subfield code="l">0</subfield>
    <subfield code="o">&#x623;/4236&#x646;2</subfield>
    <subfield code="p">25173</subfield>
    <subfield code="r">2026-05-07 07:53:54</subfield>
    <subfield code="w">2026-05-07</subfield>
    <subfield code="y">&#x643;&#x62A;&#x627;&#x628;</subfield>
  </datafield>
  <datafield tag="952" ind1=" " ind2=" ">
    <subfield code="0">0</subfield>
    <subfield code="1">0</subfield>
    <subfield code="2">ddc</subfield>
    <subfield code="4">0</subfield>
    <subfield code="7">0</subfield>
    <subfield code="a">fsecg</subfield>
    <subfield code="b">fsecg</subfield>
    <subfield code="d">2026-05-07</subfield>
    <subfield code="h">&#x627;&#x644;&#x637;&#x627;&#x628;&#x642; &#x627;&#x644;&#x623;&#x631;&#x636;&#x64A;</subfield>
    <subfield code="i">25174</subfield>
    <subfield code="l">0</subfield>
    <subfield code="o">&#x623;/4236&#x646;3</subfield>
    <subfield code="p">25174</subfield>
    <subfield code="r">2026-05-07 07:53:54</subfield>
    <subfield code="w">2026-05-07</subfield>
    <subfield code="y">&#x643;&#x62A;&#x627;&#x628;</subfield>
  </datafield>
  <datafield tag="999" ind1=" " ind2=" ">
    <subfield code="c">44179</subfield>
    <subfield code="d">44179</subfield>
  </datafield>
</record>
